[Event "Mercosur Cup 2009"]
[Site "Villa Martelli"]
[Date "2009.08.04"]
[Round "1"]
[White "Slipak, Sergio"]
[Black "Valerga, Diego"]
[Result "1/2-1/2"]
[WhiteElo "2469"]
[BlackElo "2507"]
[PlyCount "197"]
[EventDate "2009.08.04"]
[EventType "tourn"]
[EventRounds "11"]
[EventCountry "ARG"]
[EventCategory "7"]

1. d4 d5 2. c4 e6 3. Nf3 Nf6 4. Nc3 Be7 5. cxd5 exd5 6. Bf4 c6 7. e3 Bf5 8. h3
Nbd7 9. g4 Bg6 10. Ne5 (10. Nh4 Be4 11. Rg1 Nf8 12. Nf5 Rg8 13. Nxe7 Qxe7 14.
f3 Bg6 15. Kf2 Ne6 16. Bg3 h5 17. a3 Rh8 18. Qd2 a5 19. Rc1 Kf8 20. Bg2 Kg8 21.
Ne2 Nd7 22. Rce1 hxg4 23. hxg4 f5 24. gxf5 Bxf5 25. Nf4 Nb6 26. Bf1 Rh7 27. Be2
a4 28. Rg2 Nf8 29. Qb4 Qxb4 30. axb4 a3 31. bxa3 Rxa3 32. Rgg1 Rb3 33. b5 cxb5
34. Rc1 Ne6 35. Nxe6 Bxe6 36. Rc7 g6 37. Rc5 Nc4 38. Bf4 b6 39. Rc6 Bf5 40. e4
dxe4 41. fxe4 Bxe4 42. Rxc4 Rf7 43. Rc8+ Kh7 44. Rc7 Rxc7 45. Bxc7 b4 46. Be5
Rh3 {1-0 Iljin,A (2472)-Isajevsky,A (2351)/Samara 2004/EXT 2005}) (10. Bg2 Ne4
11. Nd2 Nxc3 12. bxc3 Bd3 13. Nb3 Bc4 14. Qc2 O-O 15. a4 Re8 16. Nd2 Ba6 17.
Bf1 Bxf1 18. Kxf1 Nf8 19. Qb3 b6 20. Nf3 Ng6 21. Ne5 Nxe5 22. dxe5 f6 23. Kg2
fxe5 24. Bxe5 Bh4 25. Bg3 Bxg3 26. Kxg3 Re4 27. Rad1 Qf6 28. Rxd5 Qe6 {0-1
Anastasian,A (2520)-Yegiazarian,A (2455)/Yerevan 1996/EXT 1998}) 10... Nxe5 11.
Bxe5 (11. dxe5 Ne4 12. Nxe4 dxe4 13. Qxd8+ Rxd8 14. a3 h5 15. Rg1 hxg4 16. hxg4
a6 17. Bc4 b5 18. Ba2 c5 19. Ke2 c4 20. Rad1 Rd3 21. a4 Bb4 22. axb5 axb5 23.
b3 cxb3 24. Bb1 O-O 25. Bxd3 exd3+ 26. Kf3 Rd8 27. Rb1 d2 28. Rxb3 Be7 29. Ke2
Bc2 30. Rxb5 {0-1 Szwed,J (2215)-Leniart,A (2303)/Warsaw 2005/CBM 110 ext})
11... h5 12. Bg2 hxg4 13. hxg4 Rxh1+ 14. Bxh1 Bd6 15. Qe2 Bxe5 16. dxe5 Ne4 17.
O-O-O Nxc3 18. bxc3 Qa5 19. Qb2 O-O-O 20. f4 Qc5 21. Rd4 Rh8 22. Bg2 Rh2 23. f5
Bh7 24. Kb1 g6 25. e4 dxe4 26. e6 fxe6 27. Qb3 Bg8 28. Bxe4 gxf5 29. gxf5 Qb6
30. Qxb6 axb6 31. Ra4 exf5 32. Ra8+ Kc7 33. Bxf5 Bc4 34. Bc2 Re2 35. a4 Bd5 36.
a5 b5 37. a6 bxa6 38. Rxa6 Kb7 39. Ra3 c5 40. Kc1 Kb6 41. Kb1 c4 42. Kc1 Rf2
43. Kb1 Rf1+ 44. Kb2 Rf3 45. Ra1 b4 46. cxb4 c3+ 47. Ka3 Rf7 48. Ba4 Ra7 49.
Rc1 Bc6 50. Rxc3 Rxa4+ 51. Kb3 Ra1 52. Rc5 Rb1+ 53. Kc3 Rd1 54. Kc2 Ba4+ 55.
Kc3 Bb5 56. Rg5 Rd3+ 57. Kc2 Rh3 58. Rg6+ Bc6 59. Rf6 Kb5 60. Rf4 Bd7 61. Kd2
Be6 62. Ke2 Bc4+ 63. Kf2 Kxb4 {Diagrama #} 64. Kg2 Rd3 65. Rf8 Kc3 66. Kf2 Bd5
67. Ke2 Kd4 68. Rb8 Re3+ 69. Kf2 Rf3+ 70. Ke2 Rf7 71. Rd8 Rg7 72. Kf1 Rg5 73.
Kf2 Rg2+ 74. Kf1 Rb2 75. Rd7 Ke4 76. Ke1 Bc4 77. Rd2 Rb6 78. Kf2 Rf6+ 79. Kg3
Ke3 80. Rd8 Bd3 81. Kg4 Rg6+ 82. Kh5 Bf5 83. Ra8 Rg2 84. Ra4 Be4 85. Kh6 Kf4
86. Ra6 Ke5 87. Ra5+ Bd5 88. Kh5 Ke4 89. Kh6 Rg3 90. Kh5 Ke5 91. Kh6 Ke6 92.
Kh5 Rg8 93. Kh4 Ke5 94. Kh3 Rg1 95. Kh2 Rg5 96. Ra4 Rg2+ 97. Kh3 Rg7 98. Ra5
Ke4 99. Kh4 1/2-1/2

[Event "Mercosur Cup 2009"]
[Site "Villa Martelli"]
[Date "2009.08.05"]
[Round "1"]
[White "Oliveira, Silvio Eduardo"]
[Black "Fusco, Leonardo"]
[Result "1/2-1/2"]
[WhiteElo "2357"]
[BlackElo "2401"]
[PlyCount "22"]
[EventDate "2009.08.04"]
[EventType "tourn"]
[EventRounds "11"]
[EventCountry "ARG"]
[EventCategory "7"]

1. e4 c6 2. d4 d5 3. Nc3 dxe4 4. Nxe4 Bf5 5. Ng3 Bg6 6. h4 h6 7. Nf3 Nd7 8. h5
Bh7 9. Bd3 Bxd3 10. Qxd3 Qa5+ 11. Bd2 Qc7 1/2-1/2

[Event "Mercosur Cup 2009"]
[Site "Villa Martelli"]
[Date "2009.??.??"]
[Round "2"]
[White "Cori Tello, Deysi Estella"]
[Black "Cori Tello, Jorge"]
[Result "0-1"]
[WhiteElo "2390"]
[BlackElo "2424"]
[PlyCount "75"]
[EventDate "2009.08.04"]
[EventType "tourn"]
[EventRounds "11"]
[EventCountry "ARG"]
[EventCategory "7"]

1. Nf3 g6 2. c4 Bg7 3. Nc3 e5 4. g3 d6 5. Bg2 Ne7 6. d3 c6 7. h4 (7. O-O h6 8.
Rb1 Be6 9. b3 d5 10. Bb2 O-O 11. e3 Nd7 12. Ne2 Re8 13. Qc2 Rc8 14. Rbd1 Qc7
15. Qb1 b5 16. cxb5 cxb5 17. Qa1 f6 18. h3 Nc6 19. e4 d4 20. Nh4 Bf7 21. f4 Nb4
22. fxe5 fxe5 23. Rc1 Qa5 24. Rxc8 Rxc8 25. Qe1 Rc2 26. Bc1 Nc5 27. Rxf7 Kxf7
28. a3 Rxc1 29. Qxc1 Nbxd3 30. Qf1+ Bf6 31. b4 Qxa3 32. bxc5 Qxc5 33. Qb1 Nb4
34. Kh2 d3 35. Qb3+ Qc4 36. Qxc4+ bxc4 37. Nc3 Bg5 38. Nf3 Be3 39. Nxe5+ Ke6
40. Nxc4 Bd4 41. Nd1 Nc6 42. Bf1 Nb4 43. Kg2 Nc2 44. g4 Ne1+ 45. Kg3 g5 46. h4
a5 47. hxg5 hxg5 48. Nf2 a4 49. Nxd3 Nc2 50. Nc1 Ne1 51. Na2 Bc5 52. Be2 a3 53.
Bd1 Nd3 54. Bb3 Kf6 55. Kf3 Ne5+ 56. Nxe5 Kxe5 57. Nc3 Kd4 58. Ne2+ Ke5 59. Ba2
Bb6 60. Nc3 Bc5 61. Nd1 Kd4 62. Ne3 Ke5 63. Nc4+ Kd4 64. Na5 Bd6 65. Nc6+ Kc5
66. Nd8 Be7 67. Ne6+ Kd6 68. Nd4 Kc5 69. Ke3 Bf6 70. Nf3 Bb2 71. e5 {1-0 Gallo,
J (2230)-Kaulfuss,H (2220)/Hessen 1998/EXT 1999}) 7... h6 8. Bd2 Be6 9. b4 Nd7
10. Rb1 Qc7 11. a4 f6 12. a5 O-O 13. Qc1 Kh7 14. Ne4 Rac8 15. h5 g5 16. c5 d5
17. Nd6 Rcd8 18. O-O a6 19. e4 Nc8 20. exd5 cxd5 21. Nxb7 Qxb7 22. c6 Qb5 23.
cxd7 Rxd7 24. Re1 Bf5 25. Bf1 Bxd3 26. Bh3 Rdd8 27. Rb3 Nd6 28. Qc5 Bc4 29.
Rbb1 Rfe8 30. Qc7 Qb7 31. Bf5+ Kg8 32. Qxb7 Nxb7 33. Bg6 Rf8 34. b5 Bxb5 35.
Rxb5 axb5 36. Rb1 Nd6 37. Bb4 f5 38. a6 0-1

[Event "Mercosur Cup 2009"]
[Site "Villa Martelli"]
[Date "2009.??.??"]
[Round "2"]
[White "Real de Azua, Ernesto"]
[Black "Slipak, Sergio"]
[Result "1/2-1/2"]
[WhiteElo "2453"]
[BlackElo "2469"]
[PlyCount "40"]
[EventDate "2009.08.04"]
[EventType "tourn"]
[EventRounds "11"]
[EventCountry "ARG"]
[EventCategory "7"]

1. e4 e5 2. Nf3 Nc6 3. d4 exd4 4. Nxd4 Bc5 5. Be3 Qf6 6. c3 Nge7 7. Bc4 b6 8.
O-O Bb7 9. Nxc6 Qxc6 10. Bxc5 Qxc5 11. Bd3 O-O-O 12. b4 Qc6 13. c4 Qf6 14. Qd2
Qxa1 15. Nc3 Qxf1+ 16. Kxf1 Ng6 17. a4 Rhe8 18. f3 Ne5 19. Be2 f6 20. a5 d6
1/2-1/2

[Event "Mercosur Cup 2009"]
[Site "Villa Martelli"]
[Date "2009.??.??"]
[Round "2"]
[White "Trois, Francisco RT"]
[Black "Oliveira, Silvio Eduardo"]
[Result "1/2-1/2"]
[WhiteElo "2342"]
[BlackElo "2357"]
[PlyCount "54"]
[EventDate "2009.08.04"]
[EventType "tourn"]
[EventRounds "11"]
[EventCountry "ARG"]
[EventCategory "7"]

1. c4 c6 2. Nf3 d5 3. b3 Nf6 4. Bb2 Bg4 5. e3 e6 6. h3 Bh5 7. Be2 Nbd7 8. Nc3
Bc5 9. O-O O-O 10. d3 Qe7 11. d4 Ba3 12. Bxa3 Qxa3 13. Ne1 Bg6 14. Qd2 Ne4 15.
Nxe4 dxe4 16. Nc2 Qe7 17. Qb4 Qxb4 18. Nxb4 c5 19. Nc2 e5 20. dxc5 Nxc5 21.
Rfd1 Nd3 22. Rd2 a5 23. Ne1 a4 24. Nxd3 exd3 25. Bxd3 axb3 (25... Rfd8 26. Rad1
) 26. Bxg6 hxg6 27. Rb2 bxa2 $11 1/2-1/2

[Event "Mercosur Cup 2009"]
[Site "Villa Martelli"]
[Date "2009.08.??"]
[Round "3"]
[White "Cori Tello, Jorge"]
[Black "Obregon, Carlos"]
[Result "0-1"]
[WhiteElo "2424"]
[BlackElo "2406"]
[PlyCount "104"]
[EventDate "2009.08.04"]
[EventType "tourn"]
[EventRounds "11"]
[EventCountry "ARG"]
[EventCategory "7"]

1. e4 c5 2. Nf3 d6 3. Bb5+ Bd7 4. Bxd7+ Qxd7 5. O-O Nc6 6. b3 Nf6 7. d3 (7. Qe2
g6 8. Bb2 Bg7 9. d4 cxd4 10. Nxd4 Nh5 11. Rd1 Nf4 12. Qf3 Ne6 13. c3 Nexd4 14.
cxd4 O-O 15. Na3 Rac8 16. Nc4 b5 17. Ne3 e6 18. Qe2 Ne7 19. Rac1 f5 20. Rxc8
Rxc8 21. e5 f4 22. Ng4 Nd5 23. exd6 a6 24. Ne5 Qxd6 25. Nd3 b4 26. Nc5 Nc3 27.
Bxc3 bxc3 28. Qxe6+ Qxe6 29. Nxe6 Bh6 30. f3 Kf7 31. d5 Ke7 32. Nd4 Kd6 33. Nc2
a5 34. Kf1 Bg7 35. Re1 Rc7 36. Re4 Kxd5 37. Rxf4 Rd7 38. Re4 Kc5 39. Kf2 Rd2+
40. Re2 Rd7 41. f4 h5 42. Ke3 Rd1 43. g3 Bf6 44. Ke4 Bg7 45. Kf3 Rd3+ 46. Ke4
Rd1 47. Rf2 Rd7 48. Ke3 Re7+ 49. Kd3 Rd7+ 50. Ke2 Bf6 51. Ke1 Rd3 52. Ke2 Rd7
53. h3 Bg7 54. g4 hxg4 55. hxg4 Bf6 56. g5 Bg7 57. Ke3 Re7+ 58. Kf3 Rd7 59. Ke2
Re7+ 60. Kf3 Rd7 61. Re2 Rd3+ 62. Ke4 Rd7 63. Rh2 Bf8 64. Rh3 Re7+ 65. Kf3 Kd5
66. Rh1 Rf7 67. Rd1+ Kc5 68. Rd4 Bg7 69. Rc4+ Kb6 70. Re4 Kc6 71. Re6+ Kd7 72.
Ra6 Be5 73. Ke4 Bc7 74. Rxg6 Rxf4+ 75. Kd3 Rf3+ 76. Kc4 Rg3 77. Rg7+ Kc6 78.
Rg6+ Kd7 79. Rg7+ Kc6 80. Nd4+ Kb6 81. Rg6+ Kb7 82. Re6 Rxg5 83. Re7 Kb6 84.
Re6+ Kb7 85. Kxc3 Be5 86. Kc4 Bxd4 87. Kxd4 Rg2 88. a3 Ra2 89. a4 Rc2 90. Re5
Kb6 91. Rb5+ Ka6 92. Rc5 Rh2 {1/2-1/2 Timman,J (2620)-Lutz,C (2595)/Dortmund
1994/CBM 042}) 7... g6 8. Bb2 Bg7 9. Nbd2 O-O 10. a4 d5 11. exd5 Nxd5 12. Bxg7
Kxg7 13. Nc4 f6 14. Ne3 Ndb4 15. Qd2 e5 16. Rad1 Rad8 17. Rfe1 Nd4 18. Nxd4
exd4 19. Nc4 Nd5 20. Qe2 Rfe8 21. Qf3 Re6 22. Rxe6 Qxe6 23. Kf1 Re8 24. Nd2 Nc3
25. Rc1 b6 26. h3 Qe5 27. g3 Qg5 28. Re1 Rxe1+ 29. Kxe1 Qe5+ 30. Kf1 f5 31.
Qb7+ Kh6 32. Qf3 Qe7 33. Nc4 Kg7 34. Kg2 Na2 35. Qd1 Nb4 36. Na3 Kf6 37. Qd2
Qb7+ 38. f3 (38. Kh2 Qf3 39. Nc4) 38... Nd5 39. Nc4 a6 (39... f4 $5 40. g4 Ne3+
41. Kf2 $17) 40. Qh6 (40. h4 b5 41. Qg5+ Ke6 $17) 40... Qe7 41. Kf2 b5 42. axb5
(42. Qh4+ Ke6 (42... g5 $2 43. Qh6+) 43. Qxe7+ Kxe7 44. axb5 axb5 45. Na3 (45.
Nd2 Nb4 $19)) 42... axb5 43. Qh4+ Ke6 44. Qxe7+ Kxe7 45. Na3 {Diagrama #} (45.
Na5 $5 Nb4 46. Ke2 Nxc2 $5 (46... Kd7 47. Nb7 Kc6 (47... Na6 48. b4 cxb4 49.
Na5 Nc5 50. Nb3 Ne6 $17) 48. Nd8+ Kd7 49. Nb7 Na6 50. b4 cxb4 51. Na5 Nc5 (
51... Kd6 52. Nb3 Kd5 53. f4 Nc5 54. Kf3) 52. Nb3 Ne6 (52... Nxb3 $2 53. cxb3
g5 54. f4 gxf4 55. gxf4 Ke7 56. Kf2 Ke6 57. Kf3 Kf7 58. Kg3 Kg6 59. Kh4 Kh6 60.
Kg3 Kh5 61. Kg2 $11) 53. f4 $17) 47. Nb7 Na1 48. Nxc5 Kd6 49. Nb7+ (49. b4 Nc2
50. Na6 Kc6 51. Nc5 Nxb4 52. Ne6 Kd5 53. Nf8 Nc6 54. Kd2 Ne5) 49... Kc6 50.
Na5+ Kb6 51. b4 Nc2 52. Nb3 Nxb4 53. Nxd4) 45... Nc3 $1 {[%csl Ga2,Ra3,Gb1,Gc3,
Gd1,Ge2][%cal Ge7d6,Gd6b6,Gb6a5,Ga5b4] Dejando sin jugadas al caballo blanco
en e3, las negras lograrán mejorar poco a poco su posición y ganar la partida.}
46. g4 (46. f4 {[%csl Ra3][%cal Ye7d6,Yd6b6,Yb6a5,Ya5b4]} Kd6 47. Ke1 Kc6 48.
Kd2 Kb6 49. g4 Ka5 50. Kc1 Ne2+ $19) 46... fxg4 47. fxg4 g5 $1 48. Kg3 Kd6 49.
h4 h6 50. hxg5 hxg5 51. Kf2 (51. Kf3 Kc6 52. Kg2 Kb6 53. Kf3 Ka5 $19 {[%cal
Ya5b4]}) 51... Kc6 52. Kf3 (52. Ke1 Kb6 53. Kd2 Ka5 54. Kc1 Kb4 55. Kb2 Nd1+
56. Kc1 Ne3 $19) 52... Kb6 {y el rey negro llegará a b4, capturando el caballo
blanco. Las negras se rindieron.} 0-1

[Event "Mercosur Cup 2009"]
[Site "Villa Martelli"]
[Date "2009.08.06"]
[Round "3"]
[White "Oliveira, Silvio Eduardo"]
[Black "Cori Tello, Deysi Estella"]
[Result "1-0"]
[WhiteElo "2357"]
[BlackElo "2390"]
[PlyCount "87"]
[EventDate "2009.08.04"]
[EventType "tourn"]
[EventRounds "11"]
[EventCountry "ARG"]
[EventCategory "7"]

1. e4 e6 2. d4 d5 3. Nc3 Nf6 4. e5 Nfd7 5. f4 c5 6. Nf3 Nc6 7. Be3 a6 8. Qd2 b5
9. a3 g5 10. fxg5 cxd4 11. Nxd4 Ncxe5 12. Nf3 Bg7 13. O-O-O Rb8 14. Nxe5 Nxe5
15. Ne4 Ng4 16. Bc5 Be5 17. Bb4 Qc7 18. Ba5 Qa7 19. Bc3 Bxc3 20. Qxc3 Qe3+ 21.
Qxe3 Nxe3 22. Nf6+ Ke7 23. Rd3 Nc4 24. Rh3 Bb7 25. Bxc4 bxc4 26. Rf1 d4 27. Rh4
Rbd8 28. g3 a5 29. Kd2 Ba6 30. Rff4 d3 31. cxd3 Rxd3+ 32. Kc2 Rhd8 33. Ne4 Bb5
34. Rxh7 Ba4+ 35. b3 Bxb3+ 36. Kb2 Rd2+ 37. Nxd2 Rxd2+ 38. Kc3 Rd3+ 39. Kb2 a4
$2 (39... Rd2+ $11) 40. Rfxf7+ Ke8 41. Rc7 Rd2+ 42. Kc3 Rd3+ 43. Kb4 e5 44. Ra7
1-0

[Event "Mercosur Cup 2009"]
[Site "Villa Martelli"]
[Date "2009.??.??"]
[Round "4"]
[White "Cori Tello, Deysi Estella"]
[Black "Fusco, Leonardo"]
[Result "1/2-1/2"]
[WhiteElo "2390"]
[BlackElo "2401"]
[PlyCount "79"]
[EventDate "2009.08.04"]
[EventType "tourn"]
[EventRounds "11"]
[EventCountry "ARG"]
[EventCategory "7"]

1. d4 Nf6 2. c4 g6 3. Nc3 d5 4. Bf4 Bg7 5. e3 c5 6. dxc5 Qa5 7. Rc1 Ne4 8. Nge2
dxc4 9. Qa4+ Qxa4 10. Nxa4 Bd7 11. Nec3 Nxc3 12. Nxc3 Na6 13. Bxc4 Nxc5 14. Ke2
Rc8 15. Nd5 Ne6 16. b3 Nxf4+ 17. Nxf4 e6 18. h4 Ke7 19. f3 h5 20. Bd3 Be5 21.
Bc4 Bc6 22. Nd3 Bd6 23. a4 a5 24. e4 f6 25. Ke3 Bb8 26. Nf4 Bxf4+ 27. Kxf4 e5+
28. Ke3 Rhd8 29. Bb5 Rd4 30. Rc3 Rb8 31. Bxc6 bxc6 32. Rhc1 Rb6 33. Rxc6 Rxb3+
34. Kf2 Rd2+ 35. Kg3 Rbb2 36. Rc7+ Kd8 37. Rc8+ Kd7 38. R1c7+ Kd6 39. Rc6+ Kd7
40. R8c7+ 1/2-1/2

[Event "Mercosur Cup 2009"]
[Site "Villa Martelli"]
[Date "2009.??.??"]
[Round "4"]
[White "Real de Azua, Ernesto"]
[Black "Rodriguez Vila, Andres"]
[Result "0-1"]
[WhiteElo "2453"]
[BlackElo "2522"]
[PlyCount "80"]
[EventDate "2009.08.04"]
[EventType "tourn"]
[EventRounds "11"]
[EventCountry "ARG"]
[EventCategory "7"]

1. e4 c5 2. Nf3 e6 3. d4 cxd4 4. Nxd4 a6 5. Bd3 Ne7 6. O-O Nbc6 7. c3 d5 8. Be3
Nxd4 9. cxd4 g6 10. Nc3 Bg7 11. e5 O-O 12. Qd2 f6 13. f4 Bd7 14. Rad1 Qb6 15.
Kh1 Rf7 16. Bb1 a5 17. b3 a4 18. Nxa4 Bxa4 19. bxa4 Rxa4 20. Rfe1 Nc6 21. Bg1
f5 22. Qf2 Bf8 23. Rd3 Rb4 24. Bc2 Qa5 25. Re2 Qxa2 26. h4 Qa1 27. Re1 Qa5 28.
Re2 Be7 29. Qe1 Bd8 30. Be3 Qa6 31. Kh2 Rb2 32. Rb3 Rxb3 33. Bxb3 Bxh4 34. Qd1
Bd8 35. Ra2 Ba5 36. Bc2 Qc4 37. Ra4 Qc3 38. Bf2 Qd2 39. Qxd2 Bxd2 40. Kg3 Nb4
0-1

[Event "Mercosur Cup 2009"]
[Site "Villa Martelli"]
[Date "2009.??.??"]
[Round "4"]
[White "Valerga, Diego"]
[Black "Cori Tello, Jorge"]
[Result "1-0"]
[WhiteElo "2507"]
[BlackElo "2424"]
[PlyCount "85"]
[EventDate "2009.08.04"]
[EventType "tourn"]
[EventRounds "11"]
[EventCountry "ARG"]
[EventCategory "7"]

1. d4 d5 2. c4 c6 3. Nf3 Nf6 4. Nc3 e6 5. Bg5 h6 6. Bxf6 Qxf6 7. e3 Nd7 8. Bd3
Bd6 9. O-O Qe7 10. c5 Bc7 11. e4 dxe4 12. Bxe4 O-O 13. Re1 Rd8 14. Qe2 a5 15.
Rad1 Nf6 16. Bb1 b6 17. Ne5 Bd7 18. Ne4 bxc5 19. Nxc5 Be8 20. Ne4 Bb6 21. Nxf6+
Qxf6 22. Qe4 g6 23. Rd3 Rd5 24. Red1 Rad8 25. h4 Qf5 26. Qe2 Bxd4 27. Rxd4 Rxd4
28. Bxf5 Rxd1+ 29. Kh2 exf5 30. h5 R1d2 31. Qe3 g5 32. Qb6 R2d5 33. Nc4 R8d7
34. Nxa5 Rb5 35. Qe3 Rd8 36. Qc3 Rd6 37. a4 Rb8 38. Qe5 Rdd8 39. Qf6 Rd5 40.
Qxh6 f4 41. Qf6 g4 42. h6 Rh5+ 43. Kg1 1-0

[Event "Mercosur Cup 2009"]
[Site "Villa Martelli"]
[Date "2009.08.09"]
[Round "5"]
[White "Cori Tello, Jorge"]
[Black "Real de Azua, Ernesto"]
[Result "0-1"]
[WhiteElo "2424"]
[BlackElo "2453"]
[PlyCount "84"]
[EventDate "2009.08.04"]
[EventType "tourn"]
[EventRounds "11"]
[EventCountry "ARG"]
[EventCategory "7"]

1. e4 c5 2. Nf3 Nc6 3. Bb5 g6 4. O-O Bg7 5. c3 Nf6 6. Qe2 O-O 7. h3 Qc7 8. d3
d6 9. Ba4 Bd7 10. Bb3 Rac8 11. Be3 b5 12. Nbd2 Qb7 13. Rfc1 Na5 14. Bc2 b4 15.
c4 e5 16. Rf1 Nh5 17. Qd1 Nf4 18. Ne1 Nc6 19. Ba4 Ne6 20. f3 f5 21. Bxc6 Bxc6
22. g4 Qe7 23. Ng2 h5 24. Nb3 hxg4 25. hxg4 Rf7 26. Qe1 fxg4 27. fxg4 Rxf1+ 28.
Qxf1 Rf8 29. Qe1 Nf4 30. Qd2 Qg5 31. Rf1 Bh6 32. Qd1 Bd7 33. Nd2 Bxg4 34. Bxf4
exf4 35. Nf3 Qh5 36. Nge1 Bg7 37. Qd2 g5 38. Rf2 Bxf3 39. Nxf3 Rf6 40. Qe2 g4
41. Nd2 f3 42. Qe3 Rh6 0-1

[Event "Mercosur Cup 2009"]
[Site "Villa Martelli"]
[Date "2009.08.09"]
[Round "5"]
[White "Fusco, Leonardo"]
[Black "Obregon, Carlos"]
[Result "0-1"]
[WhiteElo "2401"]
[BlackElo "2406"]
[PlyCount "72"]
[EventDate "2009.08.04"]
[EventType "tourn"]
[EventRounds "11"]
[EventCountry "ARG"]
[EventCategory "7"]

1. e4 c5 2. Nf3 d6 3. d4 cxd4 4. Nxd4 Nf6 5. Nc3 a6 6. Bg5 e6 7. f4 Nbd7 8. Qf3
Qc7 9. O-O-O Be7 10. g4 b5 11. Bxf6 Nxf6 12. g5 Nd7 13. f5 Bxg5+ 14. Kb1 Ne5
15. Qh5 Qd8 16. h4 Bf6 17. fxe6 O-O 18. Bh3 fxe6 19. Bxe6+ Kh8 20. Nd5 Bb7 21.
Qe2 Nc4 22. Nxf6 Qxf6 23. Bxc4 bxc4 24. Qxc4 Bxe4 25. Rhf1 Qe7 26. Rxf8+ Qxf8
27. Ne6 Qf3 28. Rf1 Qg2 29. Ng5 Bxc2+ 30. Ka1 Bg6 31. a3 Rb8 32. b4 h6 33. Nf7+
Kh7 34. Nxd6 Qg3 35. Qxa6 Bd3 36. Qa7 Bxf1 0-1

[Event "Mercosur Cup 2009"]
[Site "Villa Martelli"]
[Date "2009.08.09"]
[Round "5"]
[White "Oliveira, Silvio Eduardo"]
[Black "Valerga, Diego"]
[Result "1/2-1/2"]
[WhiteElo "2357"]
[BlackElo "2507"]
[PlyCount "40"]
[EventDate "2009.08.04"]
[EventType "tourn"]
[EventRounds "11"]
[EventCountry "ARG"]
[EventCategory "7"]

1. e4 c5 2. Nf3 Nc6 3. d4 cxd4 4. Nxd4 Nf6 5. Nc3 d6 6. Bg5 e6 7. Qd2 Qb6 8.
O-O-O Qxd4 9. Qxd4 Nxd4 10. Rxd4 a6 11. f3 Bd7 12. Na4 Bxa4 13. Rxa4 Be7 14.
Bb5+ Nd7 15. Bxe7 Kxe7 16. Bxd7 Kxd7 17. Rd1 Rhc8 18. Rad4 Rc6 19. c3 Ke7 20.
Kc2 Rac8 1/2-1/2

[Event "Mercosur Cup 2009"]
[Site "Villa Martelli"]
[Date "2009.08.09"]
[Round "5"]
[White "Rodriguez Vila, Andres"]
[Black "Slipak, Sergio"]
[Result "1/2-1/2"]
[WhiteElo "2522"]
[BlackElo "2469"]
[PlyCount "105"]
[EventDate "2009.08.04"]
[EventType "tourn"]
[EventRounds "11"]
[EventCountry "ARG"]
[EventCategory "7"]

1. f4 d5 2. Nf3 g6 3. g3 Bg7 4. Bg2 Nh6 5. O-O Nf5 6. d3 d4 7. c3 Nc6 8. Qe1
O-O 9. g4 Nd6 10. Qg3 a5 11. e4 dxe3 12. Bxe3 a4 13. Na3 Ra5 14. Rad1 Be6 15.
d4 Nc4 16. Nc2 Rb5 17. Bc1 Nxb2 18. Na3 Nxd1 19. Nxb5 Bc4 20. Rxd1 Bxb5 21. Ng5
Bc4 22. f5 e6 23. Qh3 h6 24. Ne4 exf5 25. gxf5 Qd7 26. Ng3 Ne7 27. Bxh6 Bxh6
28. Qxh6 Nxf5 29. Qh3 Qe6 30. Nxf5 Qxf5 31. Qxf5 gxf5 32. a3 c6 33. Re1 Rb8 34.
Re5 Bd3 35. Kf2 Kg7 36. Ke3 Bc2 37. Kd2 Bb1 38. Ra5 Rh8 39. h3 Be4 40. Bf1 b5
41. c4 bxc4 42. Rxa4 Bd5 43. Bxc4 Rxh3 44. Bxd5 cxd5 45. Ra5 Kf6 46. Ke2 Kg5
47. Rxd5 Rxa3 48. Rd7 Kf4 49. Rxf7 Ke4 50. d5 Ra2+ 51. Ke1 Ra6 52. Rd7 Ke5 53.
Ke2 1/2-1/2

[Event "Mercosur Cup 2009"]
[Site "Villa Martelli"]
[Date "2009.08.09"]
[Round "5"]
[White "Trois, Francisco RT"]
[Black "Cori Tello, Deysi Estella"]
[Result "0-1"]
[WhiteElo "2342"]
[BlackElo "2390"]
[PlyCount "74"]
[EventDate "2009.08.04"]
[EventType "tourn"]
[EventRounds "11"]
[EventCountry "ARG"]
[EventCategory "7"]

1. Nf3 Nf6 2. d4 e6 3. g3 b5 4. c3 Bb7 5. a4 b4 6. Bg2 a5 7. O-O Be7 8. Nbd2
O-O 9. Re1 d5 10. Ne5 c5 11. dxc5 Bxc5 12. Nd3 Bd6 13. cxb4 axb4 14. e4 dxe4
15. Nxe4 Nxe4 16. Bxe4 Bxe4 17. Rxe4 Nc6 18. Be3 Qe7 19. Rc1 Na5 20. Bc5 Bxc5
21. Nxc5 Rac8 22. Nb3 Rxc1 23. Nxc1 h6 24. Ne2 Nc6 25. Qd3 Rd8 26. Qa6 Rd1+ 27.
Kg2 Qd7 28. Qb5 Rd5 29. Qc4 Rd2 30. b3 Qd6 31. Nf4 e5 32. Ne2 g6 33. Re3 Kg7
34. g4 Nd4 35. h3 Rc2 36. Qd3 Qd5+ 37. Kh2 Rxe2 0-1

[Event "Mercosur Cup 2009"]
[Site "Villa Martelli"]
[Date "2009.08.09"]
[Round "6"]
[White "Obregon, Carlos"]
[Black "Trois, Francisco RT"]
[Result "1-0"]
[WhiteElo "2406"]
[BlackElo "2342"]
[PlyCount "61"]
[EventDate "2009.08.04"]
[EventType "tourn"]
[EventRounds "11"]
[EventCountry "ARG"]
[EventCategory "7"]

1. e4 e5 2. Nf3 Nc6 3. Bb5 Nf6 4. O-O Nxe4 5. d4 Nd6 6. Bxc6 dxc6 7. dxe5 Nf5
8. Qxd8+ Kxd8 9. Nc3 h6 10. h3 Be6 11. Ne4 Bd5 12. Re1 b6 13. g4 Ne7 14. b3 c5
15. c4 Be6 16. Kg2 Kc8 17. Ng3 g6 18. Nh4 Rg8 19. f4 g5 20. fxg5 hxg5 21. Nf3
Bh6 22. Ne4 Ng6 23. Bxg5 Bxg5 24. Nexg5 Kb7 25. Kg3 Rg7 26. h4 Rag8 27. Nxe6
fxe6 28. Re4 Ne7 29. Ng5 Ng6 30. Nxe6 Rd7 31. Nf4 1-0

[Event "Mercosur Cup 2009"]
[Site "Villa Martelli"]
[Date "2009.08.09"]
[Round "6"]
[White "Real de Azua, Ernesto"]
[Black "Oliveira, Silvio Eduardo"]
[Result "1/2-1/2"]
[WhiteElo "2453"]
[BlackElo "2357"]
[PlyCount "47"]
[EventDate "2009.08.04"]
[EventType "tourn"]
[EventRounds "11"]
[EventCountry "ARG"]
[EventCategory "7"]

1. e4 c5 2. Nf3 d6 3. d4 cxd4 4. Nxd4 Nf6 5. Nc3 e6 6. Be2 Be7 7. O-O O-O 8. f4
Nc6 9. Be3 a6 10. a4 Qc7 11. Kh1 Re8 12. Bd3 Bf8 13. Nf3 g6 14. Qe1 Bg7 15. Qh4
Qd8 16. Rad1 d5 17. e5 Nd7 18. Qg3 Qe7 19. Qf2 Qb4 20. Rb1 b6 21. Bd2 Qe7 22.
Ne2 Nc5 23. b3 Bb7 24. Nfd4 1/2-1/2

[Event "Mercosur Cup 2009"]
[Site "Villa Martelli"]
[Date "2009.08.09"]
[Round "6"]
[White "Slipak, Sergio"]
[Black "Cori Tello, Jorge"]
[Result "0-1"]
[WhiteElo "2469"]
[BlackElo "2424"]
[PlyCount "90"]
[EventDate "2009.08.04"]
[EventType "tourn"]
[EventRounds "11"]
[EventCountry "ARG"]
[EventCategory "7"]

1. d4 d5 2. c4 c6 3. Nf3 Nf6 4. Nc3 e6 5. Qd3 Nbd7 6. g3 Bd6 7. Bg2 dxc4 8.
Qxc4 e5 9. O-O O-O 10. e4 exd4 11. Qxd4 Qe7 12. Bf4 Bxf4 13. gxf4 Nc5 14. Qe5
Re8 15. Qxe7 Rxe7 16. Ne5 Nh5 17. Rfd1 g6 18. Ne2 Kg7 19. b4 Na6 20. Nd3 Be6
21. a3 Rd8 22. Ne5 Rxd1+ 23. Rxd1 f6 24. Nd3 Bb3 25. Rc1 Rd7 26. Rc3 Bc4 27.
Rxc4 Rxd3 28. a4 Rb3 29. b5 cxb5 30. axb5 Rb1+ 31. Bf1 Rxb5 32. Ra4 Rb4 33. Ra2
Nc5 34. Rxa7 Nxe4 35. Ng3 Nhxg3 36. hxg3 Rb1 37. Ra2 Rd1 38. Rb2 Nd2 39. Rxb7+
Kg8 40. Rd7 Rxf1+ 41. Kg2 Rd1 42. f3 Nc4 43. Rc7 Rd2+ 44. Kh3 Ne3 45. Re7 Nf1
0-1

[Event "Mercosur Cup 2009"]
[Site "Villa Martelli"]
[Date "2009.08.09"]
[Round "6"]
[White "Valerga, Diego"]
[Black "Fusco, Leonardo"]
[Result "1/2-1/2"]
[WhiteElo "2507"]
[BlackElo "2401"]
[PlyCount "54"]
[EventDate "2009.08.04"]
[EventType "tourn"]
[EventRounds "11"]
[EventCountry "ARG"]
[EventCategory "7"]

1. d4 Nf6 2. c4 g6 3. Nc3 d5 4. Bg5 Ne4 5. Bh4 Nxc3 6. bxc3 dxc4 7. Qa4+ Qd7 8.
Qxc4 b6 9. Bg3 c5 10. Be5 Ba6 11. Qb3 f6 12. Bxb8 Rxb8 13. Nf3 e6 14. e4 Bxf1
15. Kxf1 b5 16. g3 c4 17. Qc2 Be7 18. Kg2 O-O 19. h4 h5 20. d5 e5 21. a4 b4 22.
cxb4 Rxb4 23. Rhc1 Rc8 24. Ra3 Bc5 25. Qd2 Kg7 26. a5 Qb5 27. Ra2 Rb3 1/2-1/2